Interné prostredie vo vybranom podniku bakalárska práca

Na minha lista:
Detalhes bibliográficos
Autor principal: Matej, Michal
Autor Corporativo: Podnikovohospodárska fakulta EU so sídlom v Košiciach. Katedra manažmentu
Outros Autores: Sančiová, Gabriela, 1991-
Formato: Livro
Idioma:eslovaco
Publicado em: Košice 2016
Tags: Adicionar Tag
Sem tags, seja o primeiro a adicionar uma tag!

MARC

LEADER 00000nbm a2200000 4500
001 0221413
005 20161212141008.1
041 0 |a slo 
044 |a SK 
245 1 0 |a Interné prostredie vo vybranom podniku  |b bakalárska práca  |c Michal Matej ; školiteľ: Gabriela Sančiová 
264 1 |a Košice  |c 2016 
300 |a 44 s. 
100 1 |a Matej, Michal 
700 1 |a Sančiová, Gabriela, 1991- 
710 2 |a Podnikovohospodárska fakulta EU so sídlom v Košiciach. Katedra manažmentu